[Event "International Championship of Central Se"]
[Site "Paracin, hotel "]
[Date "2012.07.12"]
[Round "8.1"]
[White "Milosevic, Rade"]
[Black "Franca, Veronika"]
[Result "1/2-1/2"]
[WhiteElo "2099"]
[BlackElo "1849"]
[PlyCount "43"]
[EventDate "2012.07.06"]

1. Nf3 Nf6 2. c4 e6 3. Nc3 Bb4 4. Qc2 c5 5. a3 Ba5 6. d3 d5 7. Bd2 d4 8. Ne4
Nxe4 9. dxe4 Bxd2+ 10. Qxd2 O-O 11. g3 b6 12. Bg2 Bb7 13. Qf4 Qe7 14. O-O Nc6
15. b3 e5 16. Qh4 Qxh4 17. Nxh4 g6 18. Nf3 a5 19. a4 Rae8 20. Ne1 Nb4 21. Nd3
Nxd3 22. exd3 1/2-1/2

[Event "International Championship of Central Se"]
[Site "Paracin, hotel "]
[Date "2012.07.12"]
[Round "8.2"]
[White "Ostojic, Nikola M"]
[Black "Pleshakov, Anton"]
[Result "0-1"]
[WhiteElo "2048"]
[BlackElo "2074"]
[PlyCount "130"]
[EventDate "2012.07.06"]

1. d4 d5 2. c4 e6 3. Nc3 c6 4. cxd5 exd5 5. Nf3 Bf5 6. Bg5 Be7 7. Bxe7 Nxe7 8.
e3 Nd7 9. Bd3 O-O 10. O-O a5 11. Na4 g6 12. Rc1 Bxd3 13. Qxd3 Nf5 14. Nc5 Nxc5
15. Rxc5 Qb6 16. Rb1 Nd6 17. Ne5 Rfd8 18. h4 Kg7 19. h5 Re8 20. Rc2 Qd8 21. Qe2
Qg5 22. Qf3 f6 23. Nd3 Re4 24. Nf4 Qf5 25. Rbc1 g5 26. Qg3 Kf7 27. Ne2 Rd8 28.
Qf3 Qxf3 29. gxf3 Rh4 30. Kg2 Rxh5 31. Rc5 Ra8 32. R1c3 Ke6 33. Ra3 Nc4 34. Rb3
Ra7 35. Nc3 Kd7 36. Na4 b5 37. Nc3 Nd2 38. Ra3 b4 39. Raxa5 Rxa5 40. Rxa5 bxc3
41. bxc3 Kc7 42. Ra7+ Kb6 43. Rf7 Rh6 44. a4 Nb1 45. e4 Nxc3 46. e5 fxe5 47.
dxe5 Re6 48. a5+ Kxa5 49. f4 gxf4 50. Rf6 Rxe5 51. Rxc6 Ne2 52. Rc7 h5 53. Kf1
d4 54. Ke1 h4 55. Rh7 Ng3+ 56. Kd2 Nh5 57. Rb7 f3 58. Kd3 h3 59. Rb1 Re2 60.
Kxd4 Ng3 61. fxg3 f2 62. Kc5 Ka4 63. Kc4 Re1 64. Rb4+ Ka5 65. Rb5+ Ka6 0-1

[Event "International Championship of Central Se"]
[Site "Paracin, hotel "]
[Date "2012.07.12"]
[Round "8.3"]
[White "Popovic, Milan S"]
[Black "Stefanov, Evtim"]
[Result "1-0"]
[WhiteElo "2083"]
[BlackElo "1969"]
[PlyCount "91"]
[EventDate "2012.07.06"]

1. e4 c5 2. Nf3 e6 3. d3 Nc6 4. g3 d5 5. Qe2 Nf6 6. Bg2 Be7 7. e5 Nd7 8. O-O
O-O 9. c4 Re8 10. Re1 a6 11. h4 b5 12. b3 f6 13. exf6 Bxf6 14. Bg5 Bb7 15. Nbd2
h6 16. Bxf6 Qxf6 17. Rad1 Nb4 18. Nf1 d4 19. a3 Nc6 20. N3d2 Na5 21. Bxb7 Nxb7
22. Ne4 Qf8 23. Nfd2 Re7 24. Kg2 e5 25. Rf1 Rf7 26. Kh2 Nd6 27. Nxd6 Qxd6 28.
Rde1 Raf8 29. Ne4 Qg6 30. f3 Qe6 31. Rf2 g5 32. hxg5 hxg5 33. Kg2 Qg6 34. Rh1
Rh7 35. Rxh7 Kxh7 36. Rf1 Kg7 37. Rh1 Rh8 38. Rxh8 Kxh8 39. Qd2 g4 40. fxg4
Qxg4 41. Qh6+ Kg8 42. Qxa6 bxc4 43. bxc4 Kg7 44. Qd6 Kf7 45. a4 Ke8 46. Qxd7+
1-0

[Event "International Championship of Central Se"]
[Site "Paracin, hotel "]
[Date "2012.07.12"]
[Round "8.4"]
[White "Majstorovic, Dusan"]
[Black "Kastelijn, Toine"]
[Result "0-1"]
[WhiteElo "2050"]
[BlackElo "1946"]
[PlyCount "46"]
[EventDate "2012.07.06"]

1. e4 e6 2. d4 d5 3. Nd2 Nf6 4. Bd3 c5 5. e5 Nfd7 6. c3 Nc6 7. Ngf3 Qb6 8. Qb3
Qxb3 9. axb3 cxd4 10. cxd4 Nb4 11. Ke2 b6 12. Nb1 Be7 13. Bd2 Nxd3 14. Kxd3 a5
15. Nc3 O-O 16. Be3 Ba6+ 17. Kd2 f6 18. Rac1 Rac8 19. Na2 fxe5 20. Nxe5 Nxe5
21. dxe5 d4 22. Bxd4 Bg5+ 23. Be3 Rxf2+ 0-1

[Event "International Championship of Central Se"]
[Site "Paracin, hotel "]
[Date "2012.07.12"]
[Round "8.5"]
[White "Litvinenko, Ekaterina"]
[Black "Radovic, Janko"]
[Result "1/2-1/2"]
[WhiteElo "1914"]
[BlackElo "2024"]
[PlyCount "64"]
[EventDate "2012.07.06"]

1. e4 c5 2. Nf3 d6 3. d4 cxd4 4. Nxd4 Nf6 5. Nc3 a6 6. Be2 e5 7. Nb3 Be6 8. O-O
Be7 9. f4 Qc7 10. fxe5 dxe5 11. Nd5 Bxd5 12. exd5 O-O 13. Be3 Rd8 14. c4 Nbd7
15. Kh1 Nc5 16. Nxc5 Bxc5 17. Bg5 Be7 18. Bxf6 Bxf6 19. Bd3 e4 20. Bxe4 Bxb2
21. Rb1 Be5 22. Qf3 Bd6 23. c5 Bxc5 24. d6 Qxd6 25. Qxf7+ Kh8 26. Qh5 g6 27.
Bxg6 Qxg6 28. Qxc5 Rg8 29. Qf2 b5 30. Rb3 Qg7 31. Rg3 Qe5 32. Re1 Qc7 1/2-1/2

[Event "International Championship of Central Se"]
[Site "Paracin, hotel "]
[Date "2012.07.12"]
[Round "8.6"]
[White "Tomic, Slobodan"]
[Black "Milutinovic, Stefana"]
[Result "1-0"]
[WhiteElo "2090"]
[BlackElo "1896"]
[PlyCount "63"]
[EventDate "2012.07.06"]

1. d4 Nf6 2. c4 c5 3. Nf3 g6 4. Nc3 Bg7 5. e3 O-O 6. Be2 d6 7. O-O Nc6 8. d5
Nb8 9. Qc2 e6 10. Rd1 exd5 11. cxd5 Re8 12. Nd2 Nbd7 13. h3 a6 14. a4 Rb8 15.
e4 Qe7 16. Re1 Nb6 17. a5 Na8 18. Nc4 Nd7 19. Bf4 Ne5 20. Qd2 Nxc4 21. Bxc4 b5
22. axb6 Rxb6 23. Ra2 Nc7 24. Qd3 Qd7 25. Na4 Rb4 26. b3 Rb8 27. Rae2 f6 28.
Qg3 Bf8 29. Nxc5 dxc5 30. Bxc7 Rb4 31. e5 fxe5 32. Bxe5 1-0

[Event "International Championship of Central Se"]
[Site "Paracin, hotel "]
[Date "2012.07.12"]
[Round "8.7"]
[White "Zajic, Milun"]
[Black "Antic, Nenad"]
[Result "1/2-1/2"]
[WhiteElo "1873"]
[BlackElo "2031"]
[PlyCount "62"]
[EventDate "2012.07.06"]

1. c4 e6 2. g3 d5 3. cxd5 exd5 4. d4 Nf6 5. Bg5 h6 6. Bxf6 Qxf6 7. Nc3 c6 8. a3
Be6 9. Bg2 Qd8 10. Nf3 Be7 11. O-O a5 12. Qd2 Nd7 13. Rfc1 O-O 14. e3 Bf5 15.
b3 Qb6 16. Qb2 Rfc8 17. Bf1 Nf6 18. Na4 Qa7 19. b4 b6 20. Ne5 c5 21. dxc5 bxc5
22. b5 Rab8 23. b6 Qb7 24. Qb5 Nd7 25. Qa6 c4 26. Qxb7 Rxb7 27. Nxd7 Bxd7 28.
Nc3 Bc6 29. Bg2 Bf6 30. Rab1 Bxc3 31. Rxc3 Rcb8 1/2-1/2

[Event "International Championship of Central Se"]
[Site "Paracin, hotel "]
[Date "2012.07.12"]
[Round "8.8"]
[White "Kostic, Tomislav"]
[Black "Tosic, Dragoljub"]
[Result "1-0"]
[WhiteElo "1833"]
[BlackElo "1998"]
[PlyCount "107"]
[EventDate "2012.07.06"]

1. e4 d6 2. d4 g6 3. Nc3 Bg7 4. Be3 Nf6 5. Nf3 Bg4 6. Be2 c6 7. h3 Bxf3 8. Bxf3
Qa5 9. Qd2 h5 10. O-O e5 11. b4 Qc7 12. d5 cxd5 13. Nxd5 Nxd5 14. Qxd5 Nc6 15.
c3 O-O 16. Be2 Ne7 17. Qb3 Kh7 18. b5 b6 19. a4 Rad8 20. c4 f5 21. f3 f4 22.
Bf2 Bh6 23. Ra2 Nc8 24. Rfa1 Rd7 25. a5 Qd8 26. axb6 axb6 27. Ra8 Qe7 28. R1a6
Rb7 29. Qd1 Qf7 30. Kh2 g5 31. Qg1 g4 32. fxg4 hxg4 33. Bxg4 Qxc4 34. Rxc8 Rxc8
35. Bxc8 Qxc8 36. Bxb6 Qc2 37. Ra7 Qxe4 38. Qd1 Rg7 39. Rxg7+ Bxg7 40. Qxd6 Qe2
41. Qd5 Qe1 42. Qf3 Bf6 43. Bf2 Qb4 44. b6 Kg7 45. b7 e4 46. Qg4+ Kf7 47. Qxf4
Qxb7 48. Bd4 Qc6 49. Qxf6+ Qxf6 50. Bxf6 Kxf6 51. g4 Ke5 52. Kg3 Kd4 53. Kf2
Kd3 54. Ke1 1-0

[Event "International Championship of Central Se"]
[Site "Paracin, hotel "]
[Date "2012.07.12"]
[Round "8.10"]
[White "Jakovljevic, Dejan"]
[Black "Arsic, Djordje"]
[Result "1/2-1/2"]
[WhiteElo "1838"]
[BlackElo "1949"]
[PlyCount "46"]
[EventDate "2012.07.06"]

1. e4 e5 2. d4 exd4 3. Qxd4 Nc6 4. Qe3 Nf6 5. Nc3 Bb4 6. Bd2 d6 7. O-O-O Qe7 8.
Nd5 Nxd5 9. exd5 Qxe3 10. Bxe3 Ne5 11. Bd4 O-O 12. Be2 Bf5 13. h3 Rfe8 14. g4
Be4 15. f3 Bg6 16. Rh2 f6 17. f4 Nd7 18. Bb5 Re7 19. c3 Bc5 20. Bxd7 Rxd7 21.
Bxc5 dxc5 22. c4 Rad8 23. Rhd2 Bf7 1/2-1/2

[Event "International Championship of Central Se"]
[Site "Paracin, hotel "]
[Date "2012.07.12"]
[Round "8.11"]
[White "Nikolic, Stanko"]
[Black "Djuretanovic, Ivan"]
[Result "1-0"]
[WhiteElo "1911"]
[BlackElo "2051"]
[Annotator "Milojevic,Boban"]
[PlyCount "91"]
[EventDate "2012.07.06"]

1. e4 e5 2. Nf3 Nc6 3. Bc4 Nf6 4. d3 Be7 5. c3 O-O 6. Bb3 d5 7. Nbd2 Bg4 8. O-O
h6 9. h3 Bh5 10. Re1 d4 11. c4 g5 12. g4 Bg6 13. Nf1 Qc8 14. N3h2 Bb4 15. Bd2
Bxd2 16. Qxd2 Kg7 17. Ng3 Re8 18. a3 a5 19. Rac1 Nd7 20. c5 Qd8 21. Ba4 Qe7 22.
Qc2 f6 23. Qc4 Qe6 24. Qb5 Reb8 25. Bb3 Qe8 26. Qc4 a4 27. Bxa4 Ra5 28. Bxc6
bxc6 29. Nf5+ Kh7 30. Qc2 Rxc5 31. Qd2 Rb3 32. Rc2 Qb8 33. Rec1 Qb5 34. a4 Rxc2
35. Qxc2 Qxa4 36. Qxc6 Qxc6 37. Rxc6 Rb7 38. Ne7 Bf7 39. Nf3 Ba2 40. Ne1 Kg7
41. Nf5+ Kg6 42. Ne7+ Kh7 43. Nf5 Bf7 44. Kg2 h5 45. Kg3 h4+ 46. Kg2 {
unreadable} 1-0

[Event "International Championship of Central Se"]
[Site "Paracin, hotel "]
[Date "2012.07.12"]
[Round "8.12"]
[White "Ivic, Matija"]
[Black "Arandjelovic, Aleksandar Z"]
[Result "1-0"]
[WhiteElo "1884"]
[BlackElo "2030"]
[PlyCount "121"]
[EventDate "2012.07.06"]

1. c4 Nf6 2. g3 g6 3. Bg2 Bg7 4. Nf3 d6 5. O-O O-O 6. Nc3 Nc6 7. d3 e5 8. Rb1
a5 9. a3 h6 10. b4 axb4 11. axb4 Be6 12. b5 Ne7 13. Bb2 Qd7 14. Re1 Rab8 15.
Qb3 Nh7 16. Nd2 h5 17. Ra1 h4 18. Ra7 Ng5 19. Nf3 Nxf3+ 20. Bxf3 Nf5 21. e3
hxg3 22. hxg3 Qc8 23. Ne4 c6 24. Qb4 Qd8 25. Rea1 Re8 26. Qa4 Bd7 27. bxc6 Bxc6
28. Qb4 Re6 29. Bg2 Bf8 30. Qc3 Bg7 31. Qb3 Nh6 32. Nc3 Re8 33. Nd5 Qg5 34.
R1a2 Nf5 35. Bc1 Nd4 36. Qd1 Ne6 37. Ba3 Rbd8 38. Bb4 Bf8 39. Bc3 Bg7 40. Nb4
Bxg2 41. Kxg2 Nc5 42. Nd5 Rd7 43. R7a5 f5 44. Bb4 Ne6 45. Qf3 Nd8 46. Nb6 Rf7
47. Rd5 Bh6 48. Bxd6 Nc6 49. Rb2 Rh7 50. Kf1 Bg7 51. Rb1 Qh6 52. Ke2 Qh2 53.
Kd2 Bh6 54. Nd7 Re6 55. Bxe5 Nxe5 56. Nxe5 Bf8 57. Kc3 Qh6 58. d4 Rc7 59. Rdb5
Qg7 60. Qd5 Qf6 61. Rb6 1-0

[Event "International Championship of Central Se"]
[Site "Paracin, hotel "]
[Date "2012.07.12"]
[Round "8.13"]
[White "Majcen, Zoran"]
[Black "Nikolic, Vladimir"]
[Result "0-1"]
[WhiteElo "1809"]
[BlackElo "1987"]
[PlyCount "100"]
[EventDate "2012.07.06"]

1. d4 Nf6 2. Bf4 g6 3. Nf3 Bg7 4. e3 d6 5. Bc4 O-O 6. h3 Nbd7 7. Nbd2 a6 8. a3
b5 9. Bb3 Bb7 10. O-O c5 11. c3 Qc7 12. Rc1 Rac8 13. Re1 c4 14. Bc2 e5 15. Bg5
e4 16. Nh2 Rfe8 17. Ng4 Nxg4 18. Qxg4 f5 19. Qh4 Nf8 20. Bh6 Ne6 21. Bxg7 Qxg7
22. Bd1 Rcd8 23. f4 exf3 24. Bxf3 Bxf3 25. Nxf3 g5 26. Qh5 Qg6 27. Qxg6+ hxg6
28. Re2 Nf4 29. Rd2 Rxe3 30. Nxg5 Rde8 31. Rf1 Ne2+ 32. Kh2 Ng3 33. Rff2 Kg7
34. Rc2 R8e7 35. Rf3 Rxf3 36. Nxf3 f4 37. Kg1 Kf6 38. Kf2 Re3 39. Kg1 g5 40.
Kf2 Kf5 41. Kg1 a5 42. Kf2 Ne4+ 43. Kf1 Rd3 44. Ne1 Ng3+ 45. Kf2 Rd1 46. d5 a4
47. b4 axb3 48. Rb2 Rxd5 49. Rb1 Rd2+ 50. Kg1 Ne2+ 0-1

[Event "International Championship of Central Se"]
[Site "Paracin, hotel "]
[Date "2012.07.12"]
[Round "8.14"]
[White "Radovic, Luka"]
[Black "Milanovic, Maja"]
[Result "1-0"]
[WhiteElo "1982"]
[BlackElo "1879"]
[PlyCount "57"]
[EventDate "2012.07.06"]

1. Nf3 Nf6 2. g3 c5 3. c4 Nc6 4. Nc3 a6 5. Bg2 e6 6. O-O Qc7 7. d4 cxd4 8. Nxd4
Na5 9. Qa4 Rb8 10. Bf4 e5 11. Ndb5 axb5 12. Nxb5 Qxc4 13. Qxa5 exf4 14. Qa7
Qxb5 15. Qxb8 Kd8 16. Rfc1 Bc5 17. b4 Qxb4 18. Rab1 Qd4 19. Bxb7 Qxf2+ 20. Kh1
Ke7 21. Qe5+ Kd8 22. Qxc5 Qxc5 23. Rxc5 Bxb7+ 24. Rxb7 Ke7 25. gxf4 Ra8 26. Rb2
Ra4 27. e3 d6 28. Rc7+ Ke6 29. f5+ 1-0

[Event "International Championship of Central Se"]
[Site "Paracin, hotel "]
[Date "2012.07.12"]
[Round "8.15"]
[White "Injac, Teodora"]
[Black "Djordjevic, Danilo"]
[Result "0-1"]
[WhiteElo "1679"]
[BlackElo "1967"]
[PlyCount "78"]
[EventDate "2012.07.06"]

1. e4 c5 2. Nc3 Nc6 3. g3 e6 4. Bg2 Nge7 5. d3 d5 6. f4 g6 7. Nf3 Bg7 8. O-O
Rb8 9. a4 a6 10. Re1 O-O 11. Kh1 b5 12. axb5 axb5 13. e5 b4 14. Ne2 Qb6 15. d4
c4 16. h3 Bd7 17. g4 Ra8 18. Rxa8 Rxa8 19. Be3 Ra2 20. Qb1 Qa6 21. Nh4 Bh6 22.
Bf2 Na7 23. g5 Bf8 24. Bf1 Nb5 25. Ng3 Qa7 26. Nf3 Nc8 27. Nh2 c3 28. b3 Rb2
29. Qd1 Qa2 30. Bd3 Na3 31. Ng4 Bg7 32. Ne3 Ne7 33. Qa1 Nc6 34. Qxa2 Rxa2 35.
Rf1 Nxd4 36. Bg1 Bc6 37. Kh2 Nxb3 38. Rf2 Nd2 39. Ngf1 d4 0-1

[Event "International Championship of Central Se"]
[Site "Paracin, hotel "]
[Date "2012.07.12"]
[Round "8.16"]
[White "Radovanovic, Miroljub B"]
[Black "Brankovan, Mario"]
[Result "1-0"]
[WhiteElo "1953"]
[BlackElo "1854"]
[PlyCount "67"]
[EventDate "2012.07.06"]

1. e4 d5 2. exd5 Qxd5 3. d4 c6 4. c4 Qa5+ 5. Bd2 Qc7 6. Nf3 Nf6 7. Nc3 g6 8.
Be2 Bg7 9. O-O Bf5 10. Ne5 O-O 11. g4 Bd7 12. Bf4 Qc8 13. h3 Na6 14. Rc1 Nc7
15. d5 Nfe8 16. Bf3 c5 17. Ne4 Na6 18. Qd2 f5 19. Nxd7 Qxd7 20. Ng5 Nd6 21. Ne6
Rf7 22. Rfe1 Re8 23. g5 Rc8 24. h4 b5 25. b3 bxc4 26. bxc4 Qa4 27. Qe2 Qa3 28.
Nxg7 Kxg7 29. Be5+ Kf8 30. Bb2 Qb4 31. Qe5 Ke8 32. Qxd6 Qxb2 33. Qxa6 Rd8 34.
Qb5+ 1-0

[Event "International Championship of Central Se"]
[Site "Paracin, hotel "]
[Date "2012.07.12"]
[Round "8.17"]
[White "Stojanovic, Vladimir M"]
[Black "Korbovljanovic, Natasa"]
[Result "1-0"]
[WhiteElo "1949"]
[BlackElo "1844"]
[PlyCount "63"]
[EventDate "2012.07.06"]

1. d4 d5 2. c4 c6 3. Nf3 Nf6 4. e3 e6 5. Nbd2 Nbd7 6. Bd3 Bd6 7. b3 e5 8. cxd5
Nxd5 9. Bb2 exd4 10. Bxd4 O-O 11. O-O N7f6 12. h3 Qe7 13. Nc4 Bc7 14. a3 Nb6
15. Qc2 Nxc4 16. bxc4 h6 17. Rfd1 c5 18. Bc3 b6 19. Qb2 Nh5 20. Be2 Bb7 21. g4
Nf6 22. Bxf6 gxf6 23. Nh4 Be5 24. Nf5 Qe6 25. Qc1 Bxa1 26. f3 Be5 27. e4 Bxe4
28. fxe4 Bd4+ 29. Rxd4 Qxf5 30. exf5 cxd4 31. Qxh6 Rad8 32. g5 1-0

[Event "International Championship of Central Se"]
[Site "Paracin, hotel "]
[Date "2012.07.12"]
[Round "8.18"]
[White "Khafizova, Yana"]
[Black "Janzelj, Lara"]
[Result "1-0"]
[WhiteElo "1934"]
[BlackElo "1745"]
[PlyCount "50"]
[EventDate "2012.07.06"]

1. d4 Nf6 2. c4 d6 3. Nf3 Nbd7 4. Nc3 e5 5. e4 g6 6. d5 c6 7. Be2 Qc7 8. g3 a6
9. a4 a5 10. Be3 Bg7 11. O-O O-O 12. Qd2 Ne8 13. Ng5 Nb8 14. Rfd1 f5 15. f4 h6
16. Ne6 Bxe6 17. dxe6 Kh7 18. fxe5 dxe5 19. exf5 Rxf5 20. Bd3 Nd6 21. c5 Ne8
22. Bxf5 Kg8 23. Qd8 Kf8 24. Bxg6 Qe7 25. Rf1+ Bf6 1-0

[Event "International Championship of Central Se"]
[Site "Paracin, hotel "]
[Date "2012.07.12"]
[Round "8.19"]
[White "Milosavljevic, Delimir"]
[Black "Kosir, Franci"]
[Result "1/2-1/2"]
[WhiteElo "1824"]
[BlackElo "1925"]
[PlyCount "115"]
[EventDate "2012.07.06"]

1. c4 Nf6 2. Nc3 e6 3. e4 c5 4. e5 Ng8 5. d4 cxd4 6. Qxd4 Nc6 7. Qe4 d6 8. Nf3
a6 9. a3 Qc7 10. exd6 Bxd6 11. Nd5 Qd8 12. Bd3 Nge7 13. Nc3 Ng6 14. O-O O-O 15.
Rd1 Qc7 16. b4 Nce5 17. h3 Nxf3+ 18. Qxf3 Ne5 19. Qe2 Nxd3 20. Qxd3 Be5 21. Bb2
b6 22. Na4 Bxb2 23. Nxb2 Bb7 24. Qd6 Rac8 25. Rac1 h6 26. Qxc7 Rxc7 27. Rd6 b5
28. c5 Bc6 29. Nd3 Ra8 30. Ne5 Bd5 31. Nd7 Rd8 32. Nf6+ gxf6 33. Rxd8+ Kg7 34.
Rd6 Ra7 35. Rb6 Bc4 36. a4 Kg6 37. Ra1 bxa4 38. Rxa4 Rc7 39. Ra1 Kf5 40. Rc1
Bb5 41. Rd1 Bc4 42. Rd4 Bb5 43. Rdd6 Ke5 44. Rd8 Bc4 45. Rh8 a5 46. Rxh6 axb4
47. Rxb4 Rxc5 48. Rb7 Bd5 49. Rxf7 Rc1+ 50. Kh2 f5 51. Rh4 Rc2 52. Kg3 Rc3+ 53.
f3 Rc2 54. Rf4 Rxg2+ 55. Kxg2 Kxf4 56. Rg7 Bxf3+ 57. Kf2 e5 58. Rh7 1/2-1/2

[Event "International Championship of Central Se"]
[Site "Paracin, hotel "]
[Date "2012.07.12"]
[Round "8.21"]
[White "Nikolic, Milan"]
[Black "Cvetic, Milan"]
[Result "1/2-1/2"]
[WhiteElo "1857"]
[BlackElo "2063"]
[PlyCount "133"]
[EventDate "2012.07.06"]

1. c4 Nf6 2. Nc3 c6 3. e4 d6 4. d4 Qa5 5. Bd3 e5 6. d5 Bg4 7. f3 Bh5 8. Qb3 Qc7
9. Nge2 Nbd7 10. Be3 Nc5 11. Bxc5 dxc5 12. O-O Bd6 13. Ng3 Bg6 14. h3 O-O 15.
Nf5 Bxf5 16. exf5 Nh5 17. Ne4 Rab8 18. Rad1 cxd5 19. cxd5 Qe7 20. Qc2 Nf6 21.
Rfe1 b5 22. b3 Rfd8 23. Nxf6+ Qxf6 24. Be4 Rdc8 25. a4 a6 26. Ra1 c4 27. axb5
axb5 28. bxc4 bxc4 29. Kh1 Qh4 30. Reb1 Rxb1+ 31. Rxb1 c3 32. Kh2 Qf4+ 33. Kh1
g6 34. fxg6 hxg6 35. Rb6 f5 36. Rxd6 fxe4 37. Rc6 Ra8 38. Qxc3 exf3 39. Rxg6+
Kh8 40. Rg4 fxg2+ 41. Rxg2 Rg8 42. Rxg8+ Kxg8 43. Qc8+ Kh7 44. Qd7+ Kh8 45.
Qe8+ Kg7 46. Qe7+ Kh8 47. Qe8+ Kg7 48. Qd7+ Kf8 49. Qc8+ Ke7 50. Qc7+ Kf8 51.
Qd6+ Kg7 52. Qd7+ Kf8 53. Qd6+ Kg7 54. Qe7+ Kh8 55. Qe8+ Kg7 56. Qd7+ Kf8 57.
Kg2 e4 58. Qc8+ Ke7 59. Qb7+ Kf8 60. Qa8+ Kg7 61. Qa7+ Kh6 62. Qa6+ Kg7 63. Qe2
Kf6 64. Qd1 Qg5+ 65. Kh1 Qf4 66. Kg2 Qg5+ 67. Kh1 1/2-1/2

[Event "International Championship of Central Se"]
[Site "Paracin, hotel "]
[Date "2012.07.12"]
[Round "8.22"]
[White "Ljuboja, Ognjen"]
[Black "Lazic, Milan B"]
[Result "0-1"]
[WhiteElo "1830"]
[BlackElo "2042"]
[PlyCount "98"]
[EventDate "2012.07.06"]

1. e4 c5 2. Nf3 Nc6 3. d4 cxd4 4. Nxd4 g6 5. Nc3 Bg7 6. Be3 Nf6 7. Bc4 O-O 8.
Bb3 a5 9. f3 d6 10. Qd2 Nxd4 11. Bxd4 Bd7 12. Nd5 Nxd5 13. Bxg7 Kxg7 14. Bxd5
e6 15. Bc4 Qc7 16. Bd3 e5 17. O-O Be6 18. f4 f6 19. f5 gxf5 20. exf5 Bd5 21.
Qe3 Qc6 22. g4 h6 23. c4 Bf7 24. Rf3 Rac8 25. Rh3 Qc5 26. b3 d5 27. Qxc5 Rxc5
28. cxd5 Bxd5 29. Re3 Rfc8 30. Rae1 Rc1 31. Rxc1 Rxc1+ 32. Kf2 Rh1 33. Kg3 Rg1+
34. Kh3 Ra1 35. Re2 Bf3 36. Re3 Bd1 37. Be2 h5 38. Bxd1 Rxd1 39. g5 Rf1 40. Rc3
fxg5 41. Rc7+ Kf6 42. Rxb7 Rxf5 43. Rb6+ Ke7 44. Rb5 Ke6 45. Rxa5 Rf2 46. Ra8
e4 47. Ra5 Kf6 48. Kg3 Rf3+ 49. Kg2 h4 0-1

[Event "International Championship of Central Se"]
[Site "Paracin, hotel "]
[Date "2012.07.12"]
[Round "8.23"]
[White "Matsenko, Elena"]
[Black "Ristic, Dejan D"]
[Result "1-0"]
[WhiteElo "1996"]
[BlackElo "1844"]
[PlyCount "64"]
[EventDate "2012.07.06"]

1. e4 d5 2. exd5 Qxd5 3. Nc3 Qd6 4. d4 Nf6 5. Bc4 c6 6. Bb3 Bg4 7. f3 Bh5 8.
Nge2 e6 9. Bf4 Qd8 10. O-O Be7 11. Bg3 Bg6 12. Bf2 O-O 13. Nf4 Bd6 14. Nxg6
hxg6 15. Qe2 Qc7 16. g3 Kh7 17. Ne4 Nxe4 18. fxe4 e5 19. c3 Nd7 20. Kg2 Nf6 21.
Qf3 Rh8 22. Rfe1 Kg8 23. Rh1 Qd7 24. Rae1 Re8 25. dxe5 Bxe5 26. Bxa7 Nh5 27.
Bf2 Qc7 28. Rd1 Re7 29. Rd4 Kh7 30. Rdd1 b6 31. Qg4 Ree8 32. Rd7 f5 1-0

[Event "International Championship of Central Se"]
[Site "Paracin, hotel "]
[Date "2012.07.12"]
[Round "8.24"]
[White "Antonijevic, Milutin"]
[Black "Jaklin, Damir"]
[Result "1/2-1/2"]
[WhiteElo "1790"]
[BlackElo "1937"]
[PlyCount "155"]
[EventDate "2012.07.06"]

1. e4 c5 2. Nf3 Nc6 3. d4 cxd4 4. Nxd4 Qb6 5. Nxc6 bxc6 6. Nc3 d6 7. Bd3 Nf6 8.
O-O g6 9. Rb1 Bg7 10. h3 O-O 11. b3 e5 12. Be3 Qc7 13. Qd2 Be6 14. f4 exf4 15.
Bxf4 Nd7 16. Be2 Ne5 17. Rbd1 Rad8 18. Kh1 Rd7 19. Na4 f5 20. exf5 Bxf5 21. c4
Rfd8 22. Bg5 Re8 23. Bf4 Qd8 24. Bg5 Bf6 25. Bxf6 Qxf6 26. Nc3 Qh4 27. Qf4 Qxf4
28. Rxf4 Kg7 29. Rfd4 Red8 30. g4 Be6 31. Ne4 Nf7 32. Nc3 Ne5 33. Kg2 h6 34.
Kg3 d5 35. cxd5 Bxd5 36. Nxd5 Rxd5 37. Rxd5 cxd5 38. Kf4 Kf6 39. Ke3 Nc6 40. a3
Ke5 41. Bf3 Na5 42. Rb1 Rb8 43. Bd1 Nc4+ 44. Ke2 Nxa3 45. Ra1 Nb5 46. Ra6 Rb6
47. Rxb6 axb6 48. Kd3 Kf4 49. h4 g5 50. hxg5 hxg5 51. Be2 Ke5 52. Bf3 Nd4 53.
Bd1 Ne6 54. Bf3 Nc5+ 55. Kc3 Ne4+ 56. Kd3 Nc5+ 57. Kc3 Ne6 58. Kd3 Nc7 59. Bd1
Ne8 60. Bf3 Nf6 61. Ke3 d4+ 62. Kd3 Nd5 63. Bd1 b5 64. Bf3 Nb4+ 65. Kd2 Kf4 66.
Bd1 Ke4 67. Be2 d3 68. Bf1 Kd4 69. Bg2 Nc2 70. Bc6 b4 71. Bb5 Ne3 72. Bxd3 Nxg4
73. Bf5 Ne3 74. Be6 g4 75. Ke2 g3 76. Kf3 g2 77. Kf2 Kc3 78. Bf7 1/2-1/2

[Event "International Championship of Central Se"]
[Site "Paracin, hotel "]
[Date "2012.07.12"]
[Round "8.25"]
[White "Brankovic, Slavoljub"]
[Black "Velikic, Vule"]
[Result "1/2-1/2"]
[WhiteElo "1920"]
[BlackElo "1816"]
[Annotator "Milojevic,Boban"]
[PlyCount "70"]
[EventDate "2012.07.06"]

1. Nf3 Nf6 2. g3 g6 3. Bg2 d6 4. d3 Bg7 5. c4 O-O 6. Nc3 c6 7. O-O Na6 8. Bd2
h6 9. a3 Nc7 10. b4 d5 11. cxd5 Nfxd5 12. Rc1 Bg4 13. h3 Be6 14. Nxd5 Bxd5 15.
Bc3 f6 16. Bb2 e5 17. Qc2 g5 18. e4 Bf7 19. d4 exd4 20. Nxd4 Bg6 21. Qc4+ Bf7
22. Qc2 Ne6 23. Nf5 Qb6 24. Rfd1 Rad8 25. Kh2 Rxd1 26. Rxd1 Rd8 27. Rxd8+ Qxd8
28. Qc3 Nf8 29. Bf1 Ng6 30. Bc4 Ne5 31. Bxf7+ Kxf7 32. Qb3+ Kg6 33. Bxe5 fxe5
34. Qe3 Bf6 35. Nd6 Qe7 {unreadable} 1/2-1/2

[Event "International Championship of Central Se"]
[Site "Paracin, hotel "]
[Date "2012.07.12"]
[Round "8.26"]
[White "Hrescak, Ivana"]
[Black "Mirkovic, Dejan"]
[Result "0-1"]
[WhiteElo "1686"]
[BlackElo "1919"]
[Annotator "Milojevic,Boban"]
[PlyCount "124"]
[EventDate "2012.07.06"]

1. d4 Nf6 2. c4 e5 3. dxe5 Bb4+ 4. Bd2 Bxd2+ 5. Qxd2 Ng4 6. Qf4 Nh6 7. Nf3 Qe7
8. Nc3 Qb4 9. Rb1 b6 10. a3 Qa5 11. e6 O-O 12. exd7 Bxd7 13. Qxc7 Bf5 14. Ra1
Na6 15. Qf4 Rfe8 16. e3 Nb4 17. Nd4 Rad8 18. Nxf5 Nc2+ 19. Ke2 Nxf5 20. Rd1
Nfd4+ 21. Rxd4 Rxd4 22. Qc7 Qh5+ 23. f3 Nxe3 24. Qc6 Qe5 25. Ne4 f5 26. Kxe3
fxe4 27. f4 Rd6 28. fxe5 Rxc6 29. Kxe4 Rce6 30. Bd3 Rxe5+ 31. Kd4 Re1 32. Rxe1
Rxe1 33. Kc3 h6 34. h3 Kf8 35. Kd2 Re5 36. Kc3 Ke7 37. Kd4 Kd6 38. Be4 Rg5 39.
Bb7 b5 40. Ba8 Rc5 41. cxb5 Rxb5 42. Kc3 a5 43. b4 Rb8 44. Bf3 axb4+ 45. axb4
Rb5 46. Kc4 Rf5 47. Ba8 Kc7 48. Bf3 Kb6 49. Ba8 Rf4+ 50. Kc3 Kb5 51. Bf3 Rxb4
52. Ba8 Rb1 53. Kd4 Re1 54. Bf3 Re7 55. Ba8 Kb6 56. Bf3 Kc7 57. Bg4 Kd8 58. Kc5
Ke8 59. Bh5+ Kf8 60. Bf3 Kf7 61. Kd5 Kg6 62. Kd4 h5 {unreadable} 0-1

[Event "International Championship of Central Se"]
[Site "Paracin, hotel "]
[Date "2012.07.12"]
[Round "8.27"]
[White "Ratkovic, Petar"]
[Black "Gagic, Miroljub"]
[Result "1-0"]
[WhiteElo "1527"]
[BlackElo "1911"]
[PlyCount "68"]
[EventDate "2012.07.06"]

1. d4 d6 2. c4 f5 3. Nc3 Nf6 4. Nf3 g6 5. Bg5 Nbd7 6. e3 Bg7 7. b4 O-O 8. Qb3
Kh8 9. Be2 a5 10. O-O c6 11. a3 e6 12. Rfd1 Qe8 13. bxa5 Qf7 14. Na4 Ne4 15.
Bh4 Rxa5 16. Ng5 Nxg5 17. Bxg5 e5 18. Qb4 Ra8 19. dxe5 dxe5 20. Nc5 Nf6 21.
Bxf6 Bxf6 22. e4 Be7 23. exf5 gxf5 24. Qb6 Qg7 25. a4 Rg8 26. Bf1 f4 27. Rd3 e4
28. Rdd1 Bg4 29. Re1 Bf6 30. Ra2 e3 31. fxe3 fxe3 32. Qxb7 Qg5 33. Ne4 Qh4 34.
Nxf6 Qxe1 1-0